000 00306nam a22001457a 4500
008 210511b ||||| |||| 00| 0 eng d
020 _a0521243718
041 _aeng
080 _a7
082 _a7
100 _a44
101 _aART
245 _aLooking at Pictures
_cSusan Woodford
942 _2udc
_cBK
999 _c57156
_d57156